Sustainable development report (Record no. 118395)

MARC details
000 -LEADER
fixed length control field 01252cam a2200217 4500
001 - CONTROL NUMBER
control field WB@3612-686
008 - FIXED-LENGTH DATA ELEMENTS--GENERAL INFORMATION
fixed length control field 041202n2004 000 0 eng u
035 ## - SYSTEM CONTROL NUMBER
System control number (Sirsi) u128180
245 ## - TITLE STATEMENT
Title Sustainable development report
260 ## - PUBLICATION, DISTRIBUTION, ETC.
Date of publication, distribution, etc. 2004
490 ## - SERIES STATEMENT
Series statement DEFRA News Release
Volume/sequential designation (485/04) 30 November 2004 (2)
520 ## - SUMMARY, ETC.
Summary, etc. The "Sustainable Development in Government (SDiG) third annual report 2004" has just been published. The report provides a snapshot of the way in which government departments managed their land and buildings during the period April 2003 to March 2004. It is an independent assessment of how well departments are doing in meeting the government's own targets on sustainable operations.. The report is based on a questionnaire which was completed by each of the 20 central government departments which were then analysed independently by Pricewaterhouse Coopers. The full report can be accessed at: http://www.sustainable-development.gov.uk/sdig/rep orts/index.htm. http://www.defra.gov.uk/news/2004/041130d.htm
590 ## - LOCAL NOTE (RLIN)
Local note WB
590 ## - LOCAL NOTE (RLIN)
Local note WB
650 ## - SUBJECT ADDED ENTRY--TOPICAL TERM
Topical term or geographic name entry element SUSTAINABLE DEVELOPMENT
650 ## - SUBJECT ADDED ENTRY--TOPICAL TERM
Topical term or geographic name entry element GOVERNMENT DEPARTMENTS
650 ## - SUBJECT ADDED ENTRY--TOPICAL TERM
Topical term or geographic name entry element TARGETS
650 ## - SUBJECT ADDED ENTRY--TOPICAL TERM
Topical term or geographic name entry element PROGRESS
690 ## - LOCAL SUBJECT ADDED ENTRY--TOPICAL TERM (OCLC, RLIN)
Topical term or geographic name as entry element PROPERTY MANAGEMENT
9 (RLIN) 6262
942 ## - ADDED ENTRY ELEMENTS (KOHA)
Suppress in OPAC 0
Holdings
Withdrawn status Lost status Source of classification or shelving scheme Damaged status Not for loan Home library Current library Shelving location Date acquired Total Checkouts Full call number Barcode Date last seen Copy number Price effective from Koha item type
    Dewey Decimal Classification     London London News article 02/12/2004   WB4046-09 128180-1001 06/08/2019 1 06/08/2019 News article